Statistiques concernant Disney ! Devine le titre (mal expliqué)

Cliquez ici pour prendre le quiz!

Statistiques générales

  • Ce quiz a été pris 322 fois
  • Le résultat moyen est 7 sur 14

Statistiques - réponses

HintRéponse% Correct
C'est l'histoire d'une fille qui n'a jamais de chaussures à sa tailleCendrillon
88%
C'est l'histoire d'une collocation entre 7 gars et une fille qui aime faire le ménageBlanche neige et les sept nains
78%
C'est l'histoire d'une bourgeoise qui s'encanaille avec un SDFLa belle et le clochard
74%
C'est l'histoire d'une fille qui aurait pu expliquer son problème en l'écrivant plutôt que laisser son prince tomber dans les bras d'une autre (et oui elle sait écrire)La petite sirène
69%
C'est l'histoire d'un cheval qui quitte l'armée et fini par aider un voleur.Raiponce
66%
C'est l'histoire d'un problème de consentementLa belle au bois dormant
62%
C'est Hamlet en AfriqueLe roi lion
60%
C'est ENFIN une histoire où on dit à la fille qu'il ne faut pas épouser quelqu'un qu'on vient de rencontrer.La reine des neiges
57%
C'est l'histoire d'un psychopathe qui rigole quand des sirènes essayent de noyer sa copinePeter Pan
43%
C'est l'histoire d'une fille dans Paris, que trois gars veulent serrerLe bossu de notre dame
31%
C'est l'histoire d'un chat qui intègre un gang de quartierOliver et compagnie
26%
C'est l'histoire d'un gars qui tue la mère de son futur frère car elle a tué le frère du gars.Frère des ours
14%
C'est l'histoire d'un loup qui n'arrive jamais à manger un futur roiMerlin l'enchanteur
8%
C'est l'histoire d'un cochon qui peut changer le mondeTaram et le chaudron magique
6%

Distribution des résultats

Percentile par nombre de réponses

% des personnes avec chaque résultat

Votre développement - résultats

Vous n’avez pas pris ce quiz